10 najnowszych stanów USA - Statystyki

Ogólne statystyki
  • Ten quiz został rozwiązany 19 razy
  • Średni wynik to 6 z 10
Statystyki odpowiedzi
Rok Stan USA % Poprawnych
1959 Alaska
89%
1912 Nowy Meksyk
83%
1889 Waszyngton
83%
1959 Hawaje
78%
1912 Arizona
67%
1889 Montana
56%
1890 Idaho
50%
1896 Utah
39%
1890 Wyoming
33%
1907 Oklahoma
28%
Nie znaleziono quizów pasujących do podanych kryteriów
Rozkład punktacji
Procent ludzi z każdym wynikiem
Percentyl według liczby udzielonych odpowiedzi
Twoja historia wyników
Nie rozwiązałeś tego quizu